Física 1º Medio: texto para el estudiante
Zapisane w:
| Główni autorzy: | , , , |
|---|---|
| Format: | Książka |
| Język: | hiszpański |
| Wydane: |
Santiago
Zig-Zag
2004
|
| Wydanie: | 1a. ed |
| Hasła przedmiotowe: | |
| Etykiety: |
Dodaj etykietę
Nie ma etykietki, Dołącz pierwszą etykiete!
|
MARC
| LEADER | 00000cam a2200000 a 4500 | ||
|---|---|---|---|
| 001 | UCJ0469 | ||
| 003 | CL-VaPUC | ||
| 008 | 060804e20040000CL |||||||||||||||||spa|d | ||
| 020 | |a 9561216086 | ||
| 082 | 0 | 4 | |a 530.712 |b CES |2 21 |
| 100 | 0 | |a Céspedes Fernández, Lorena |e author |9 500657 | |
| 700 | 0 | |a Martínez Silva, Cristián |e author |9 500658 | |
| 700 | 0 | |a Miranda Oyarzún, Luisa |e author |9 500659 | |
| 700 | 0 | |a Zanelli Iglesias, Jorge |e author |9 500660 | |
| 245 | 1 | 0 | |a Física 1º Medio: texto para el estudiante |
| 250 | |a 1a. ed | ||
| 300 | |a 174 p | ||
| 942 | |c BK | ||
| 945 | |d 20060804 00:00:00 |a jtorresc | ||
| 260 | |a Santiago |b Zig-Zag |c 2004 | ||
| 650 | 0 | |a Educación científica |9 307484 | |
| 650 | 0 | |a Métodos de enseñanza |9 270413 | |
| 650 | 0 | |a Libros de texto |9 270019 | |
| 650 | 0 | |a Ciencias naturales |9 260542 | |
| 650 | 0 | |a Física |9 227844 | |
| 583 | |a last modification |c 20150505 09:07:35 |k Rodrigo Vera | ||
| 999 | |c 317303 |d 317301 | ||
| 952 | |0 0 |1 0 |3 erb |4 0 |6 530_712000000000000_CES_2004 |7 0 |8 A |9 393485 |a BIBEDU |b BIBEDU |i 5148685 |o 530.712 CES 2004 |p 5148685 |r 2019-11-22 |w 2019-11-22 |y BK |z Catalogado en:20150507 |k EPE | ||